ASME 2019 Pressure Vessels & Piping Conference: Volume 1: Codes and Standards

Bibliografske podrobnosti
Format: Elektronski Revija
Jezik:English
Izdano: ASME
Online dostop:Full text available on ASME[2019-2019]
Off-campus access
LEADER 00965cas a2200181 a 4500
001 AALConferenceProceedingsASME000109
008 230101c9999 xx r poo 0 0eng d
020 |a 978-0-7918-5892-9 
040 |a BD-DhAAL  |c BD-DhAAL 
245 0 0 |h [electronic resource]  |a ASME 2019 Pressure Vessels & Piping Conference: Volume 1: Codes and Standards 
260 |b ASME 
300 |a 1 online resource 
500 |a <strong>Off-Campus Access:</strong> Athens ID and Password Required 
500 |a <strong>On-Campus Access:</strong> No User ID or Password Required 
506 |a Electronic access restricted to authorized BRAC University faculty, staff and students 
538 |a Mode of access: Internet 
856 4 0 |z Full text available on ASME[2019-2019]  |u https://asmedigitalcollection.asme.org/PVP/PVP2019/volume/58929 
856 4 0 |z Off-campus access  |u https://go.openathens.net/redirector/bracu.ac.bd?url=https%3A%2F%2Fasmedigitalcollection.asme.org%2FPVP%2FPVP2019%2Fvolume%2F58929